Loading...

सर्वेस्वर् : व्यक्ति और रचनाकार

Bibliographic Details
Main Author: अखिलेश गोस्वामी
Other Authors: Akhilesh Goswami
Format: Printed Book
Published: Kanpur: Jnan Prakashan, 2011
Subjects:
LEADER 00649nam a22001697a 4500
020 |a 9789380669052 
082 |a H891.431 09  |b GOS/S 
100 |a अखिलेश गोस्वामी  
245 |a  सर्वेस्वर् : व्यक्ति और रचनाकार  
260 |a Kanpur:  |b Jnan Prakashan,  |c 2011 
300 |a 336p. 
650 |a Sarveswar: vyakthi aur rachanakar 
650 |a Sarveswar Dayal Saxena 
700 |a Akhilesh Goswami 
942 |c BK 
999 |c 39097  |d 39097 
952 |0 0  |1 0  |4 0  |6 H_891_431000000000000_09_GOSS  |7 0  |8 Stack  |9 41542  |a KUCL  |b KUCL  |c H  |d 2016-04-13  |l 0  |o H891.431 09 GOS/S  |p 33416  |r 2016-04-13  |w 2016-04-13  |y BK